[Event "International Championship of Central Se"]
[Site "Paracin, hotel "]
[Date "2012.07.10"]
[Round "6.1"]
[White "Milosevic, Rade"]
[Black "Ostojic, Nikola M"]
[Result "1/2-1/2"]
[WhiteElo "2099"]
[BlackElo "2048"]
[PlyCount "103"]
[EventDate "2012.07.06"]

1. Nf3 Nf6 2. c4 c6 3. e3 d5 4. Nc3 a6 5. a4 e6 6. b3 a5 7. Be2 Bd6 8. O-O O-O
9. Bb2 Qe7 10. g3 Rd8 11. Qc2 Nbd7 12. d4 dxc4 13. bxc4 e5 14. d5 Nc5 15. e4
Bg4 16. Nh4 Bxe2 17. Qxe2 g6 18. Nf3 Nb3 19. Rad1 Bc5 20. Qd3 Nd4 21. Ne2 Nxf3+
22. Qxf3 Rd7 23. Rd3 Ne8 24. Rb3 Nd6 25. Qd3 Bb4 26. Kg2 f6 27. Bc3 c5 28. f3
b6 29. g4 Rf8 30. Ng3 Qe8 31. Rb2 Rdf7 32. Ra2 Re7 33. Rff2 Qc8 34. Bd2 Ref7
35. Bh6 Re8 36. h3 Qd7 37. Bc1 Qc8 38. Rae2 Qd7 39. Qb3 g5 40. Bb2 h6 41. Bc1
Rfe7 42. Nh5 Kf7 43. Kg3 Kg6 44. Rh2 Rh7 45. Qc2 Qa7 46. Qd3 Qa6 47. Rc2 Be1+
48. Kg2 Reh8 49. Rh1 Bb4 50. Be3 Kf7 51. Bf2 Ke7 52. Bg3 1/2-1/2

[Event "International Championship of Central Se"]
[Site "Paracin, hotel "]
[Date "2012.07.10"]
[Round "6.2"]
[White "Popovic, Milan S"]
[Black "Franca, Veronika"]
[Result "1/2-1/2"]
[WhiteElo "2083"]
[BlackElo "1849"]
[PlyCount "92"]
[EventDate "2012.07.06"]

1. e4 c5 2. Nf3 d6 3. Bb5+ Bd7 4. Bxd7+ Qxd7 5. O-O Nc6 6. c3 Nf6 7. Re1 g6 8.
d4 cxd4 9. cxd4 Bg7 10. Nc3 O-O 11. Bf4 d5 12. e5 Ne8 13. Qd2 Nc7 14. h4 Ne6
15. Be3 f5 16. Ne2 Rf7 17. Nf4 Nxf4 18. Bxf4 e6 19. g3 Bf8 20. a3 Be7 21. Kg2
h5 22. Rac1 Rc8 23. Rc2 Rff8 24. Rec1 Rfe8 25. Bg5 Kg7 26. b4 a6 27. Bxe7 Nxe7
28. Qg5 Ng8 29. Qe3 Rxc2 30. Rxc2 Rc8 31. Qc1 Ne7 32. Rxc8 Nxc8 33. Ng5 Nb6 34.
Qc7 Qxc7 35. Nxe6+ Kf7 36. Nxc7 Ke7 37. a4 Kd7 38. a5 Kxc7 39. axb6+ Kxb6 40.
Kf3 Kc6 41. Ke3 b6 42. Kd3 Kd7 43. Kc3 Kc7 44. Kb2 Kd7 45. Kb3 Kc7 46. Ka4 Kd7
1/2-1/2

[Event "International Championship of Central Se"]
[Site "Paracin, hotel "]
[Date "2012.07.10"]
[Round "6.3"]
[White "Pleshakov, Anton"]
[Black "Radovic, Janko"]
[Result "1-0"]
[WhiteElo "2074"]
[BlackElo "2024"]
[PlyCount "83"]
[EventDate "2012.07.06"]

1. e4 c5 2. Nf3 d6 3. d4 cxd4 4. Qxd4 a6 5. Be3 Nc6 6. Qd2 Nf6 7. Nc3 e6 8.
O-O-O Be7 9. Nd4 O-O 10. f4 Qc7 11. Be2 Na5 12. g4 b5 13. g5 b4 14. gxf6 bxc3
15. Qxc3 Qxc3 16. bxc3 Bxf6 17. Nb3 Bb7 18. Nxa5 Bxe4 19. Rhg1 Bxc3 20. Nb3
Rfc8 21. Bd3 Bd5 22. Bd2 Bf6 23. Kb1 Rc7 24. Ba5 Rc6 25. Rc1 Rac8 26. Rgd1 g6
27. c4 Bxc4 28. Bxc4 Rxc4 29. Rxd6 Rxc1+ 30. Nxc1 Rc4 31. Bd2 Ra4 32. Nb3 Be7
33. Rd7 Bf6 34. Rd6 Be7 35. Rb6 h6 36. Rb8+ Kg7 37. Rb7 Bd6 38. Bc3+ Kf8 39.
Rd7 Be7 40. Ra7 Ke8 41. Ra8+ Kd7 42. Ba1 1-0

[Event "International Championship of Central Se"]
[Site "Paracin, hotel "]
[Date "2012.07.10"]
[Round "6.4"]
[White "Milanovic, Maja"]
[Black "Tosic, Dragoljub"]
[Result "0-1"]
[WhiteElo "1879"]
[BlackElo "1998"]
[PlyCount "76"]
[EventDate "2012.07.06"]

1. e4 c5 2. Nf3 Nc6 3. d4 cxd4 4. Nxd4 d6 5. Nc3 Nf6 6. Be2 g6 7. Be3 Bg7 8.
O-O O-O 9. Kh1 a5 10. f4 Bd7 11. Bf3 a4 12. Nxc6 bxc6 13. a3 Qa5 14. Bd4 Rfd8
15. Qe2 Rab8 16. Rab1 c5 17. Be3 Ne8 18. Bd2 Bb5 19. Nxb5 Qxb5 20. b4 axb3 21.
Rxb3 Qa4 22. Rfb1 Rxb3 23. Rxb3 c4 24. Rb4 Qxa3 25. Rxc4 Rb8 26. h3 h5 27. g3
e6 28. Qe3 Qa2 29. Qd3 Bf6 30. Bb4 Bg7 31. Bc3 Ra8 32. Bxg7 Nxg7 33. Rb4 Qa1+
34. Kh2 Qe1 35. Qxd6 h4 36. gxh4 Qf2+ 37. Bg2 Ra1 38. Qd4 Qxf4# 0-1

[Event "International Championship of Central Se"]
[Site "Paracin, hotel "]
[Date "2012.07.10"]
[Round "6.5"]
[White "Zajic, Milun"]
[Black "Litvinenko, Ekaterina"]
[Result "0-1"]
[WhiteElo "1873"]
[BlackElo "1914"]
[PlyCount "67"]
[EventDate "2012.07.06"]

1. c4 e5 2. Nc3 Nf6 3. g3 d5 4. cxd5 Nxd5 5. Bg2 Be6 6. Nf3 Nc6 7. d3 Be7 8.
O-O Qd7 9. Bd2 h5 10. h4 O-O-O 11. a3 f6 12. b4 Nd4 13. Nxd4 exd4 14. Ne4 Bh3
15. Qb3 Bxg2 16. Kxg2 g5 17. hxg5 fxg5 18. f3 h4 19. g4 Qe6 20. Qc4 Qe5 21. Kh3
Bd6 22. Rh1 Be7 23. Rac1 Nf6 24. Rhf1 Nxe4 25. f4 Nxd2 26. fxe5 Nxc4 27. Rxc4
Rhf8 28. Rfc1 c6 29. b5 c5 30. Kg2 Rf4 31. Kh3 b6 32. Re1 Rd5 33. e4 Rxe5 34.
Rc2 0-1

[Event "International Championship of Central Se"]
[Site "Paracin, hotel "]
[Date "2012.07.10"]
[Round "6.6"]
[White "Boskovic, Maksimilijan"]
[Black "Kostic, Tomislav"]
[Result "0-1"]
[WhiteElo "1888"]
[BlackElo "1833"]
[PlyCount "50"]
[EventDate "2012.07.06"]

1. Nf3 Nf6 2. c4 c5 3. e3 e6 4. d4 cxd4 5. exd4 d5 6. Nc3 Be7 7. Bd3 O-O 8. O-O
b6 9. cxd5 Nxd5 10. Nxd5 exd5 11. Re1 Bb7 12. Ne5 Nd7 13. Qh5 Nf6 14. Qh3 Ne4
15. f3 Bc8 16. Qh5 g6 17. Nc6 Qd6 18. Nxe7+ Qxe7 19. Qh6 Qb4 20. Be3 Nd6 21.
Re2 Bf5 22. Bb1 Rfe8 23. a3 Qc4 24. Kf2 Bxb1 25. Rxb1 Nf5 0-1

[Event "International Championship of Central Se"]
[Site "Paracin, hotel "]
[Date "2012.07.10"]
[Round "6.7"]
[White "Tomic, Slobodan"]
[Black "Mirkovic, Dejan"]
[Result "1/2-1/2"]
[WhiteElo "2090"]
[BlackElo "1919"]
[Annotator "Milojevic,Boban"]
[PlyCount "75"]
[EventDate "2012.07.06"]

1. c4 e5 2. Nc3 Nf6 3. Nf3 Nc6 4. d4 exd4 5. Nxd4 Bc5 6. Nc2 Ng4 7. e3 Nf6 8.
Be2 O-O 9. O-O Re8 10. b3 a6 11. Bb2 d6 12. Nd4 Qe7 13. Re1 Ne5 14. Nf3 Nxf3+
15. Bxf3 c6 16. a3 Bf5 17. Na4 Rad8 18. b4 Ba7 19. Bd4 Bb8 20. Nc3 Be6 21. Bxf6
Qxf6 22. Qd3 Qh4 23. Be2 d5 24. g3 Qf6 25. cxd5 cxd5 26. Rac1 Bf5 27. Qd2 d4
28. exd4 Rxd4 29. Bf1 Red8 30. Qe3 h6 31. Red1 Ba7 32. Rxd4 Bxd4 33. Qf3 Qg5
34. Ne2 Bg4 35. Qf4 Qxf4 36. Nxf4 Bb2 37. Rc7 Bf3 38. Rc2 {unreadable} 1/2-1/2

[Event "International Championship of Central Se"]
[Site "Paracin, hotel "]
[Date "2012.07.10"]
[Round "6.8"]
[White "Majstorovic, Dusan"]
[Black "Nikolic, Stanko"]
[Result "1-0"]
[WhiteElo "2050"]
[BlackElo "1911"]
[PlyCount "82"]
[EventDate "2012.07.06"]

1. e4 c5 2. Nc3 Nc6 3. g3 d6 4. Bg2 a6 5. d3 e6 6. f4 g6 7. Nf3 Bg7 8. O-O Nge7
9. Be3 O-O 10. Qd2 f5 11. Rab1 Rb8 12. Ne2 Qc7 13. c3 b5 14. a3 b4 15. axb4
cxb4 16. Nfd4 a5 17. c4 e5 18. Nc2 Be6 19. b3 Rbd8 20. d4 Bf7 21. fxe5 dxe5 22.
d5 Nb8 23. Bf2 Na6 24. Qe3 fxe4 25. Bxe4 Rb8 26. g4 Rfc8 27. Rbd1 Qd6 28. Ra1
Qd8 29. Qa7 Ra8 30. Qb6 Qd7 31. h3 Rcb8 32. Qxa5 Nc8 33. d6 Nxd6 34. Bxa8 Rxa8
35. Nxb4 Nc7 36. Qb6 Rxa1 37. Rxa1 h5 38. Rd1 Bf8 39. c5 Nce8 40. cxd6 hxg4 41.
Qc6 Qf5 1-0

[Event "International Championship of Central Se"]
[Site "Paracin, hotel "]
[Date "2012.07.10"]
[Round "6.9"]
[White "Arandjelovic, Aleksandar Z"]
[Black "Gagic, Miroljub"]
[Result "1/2-1/2"]
[WhiteElo "2030"]
[BlackElo "1911"]
[PlyCount "43"]
[EventDate "2012.07.06"]

1. d4 d6 2. Nf3 f5 3. g3 Nf6 4. Bg2 g6 5. O-O Bg7 6. Bf4 O-O 7. Nc3 c6 8. a4
Na6 9. Qd2 Nc7 10. Bh6 Qe8 11. e4 fxe4 12. Nh4 d5 13. f3 exf3 14. Nxf3 Qf7 15.
Rae1 e6 16. Bxg7 Qxg7 17. Ng5 h6 18. Nh3 Bd7 19. Nf4 Rae8 20. Nd3 Ng4 21. Ne5
Nxe5 22. Rxe5 1/2-1/2

[Event "International Championship of Central Se"]
[Site "Paracin, hotel "]
[Date "2012.07.10"]
[Round "6.10"]
[White "Zivkovic, Zivojin"]
[Black "Milutinovic, Stefana"]
[Result "0-1"]
[WhiteElo "1991"]
[BlackElo "1896"]
[PlyCount "80"]
[EventDate "2012.07.06"]

1. Nf3 d5 2. g3 c5 3. Bg2 Nc6 4. d3 e5 5. O-O f6 6. Nbd2 Be6 7. e4 d4 8. Nh4 g5
9. Nf5 Nge7 10. Nc4 Nxf5 11. exf5 Bxf5 12. f4 exf4 13. gxf4 g4 14. Qe1+ Be7 15.
Be4 Bxe4 16. Qxe4 Qd7 17. f5 O-O-O 18. Bf4 Qd5 19. Rae1 Qxe4 20. Rxe4 Rd5 21.
a4 Rxf5 22. Rfe1 Kd7 23. Bg3 h5 24. Na5 Bd6 25. Bxd6 Nxa5 26. Bg3 Nc6 27. c3 h4
28. Bf2 Ne5 29. Rd1 dxc3 30. bxc3 Kc6 31. d4 cxd4 32. cxd4 Kd5 33. Re2 Nf3+ 34.
Kg2 Rh7 35. Rc2 b6 36. Rc8 Ng5 37. a5 Nh3 38. Rd8+ Kc4 39. Be3 Re7 40. Re1 Rxe3
0-1

[Event "International Championship of Central Se"]
[Site "Paracin, hotel "]
[Date "2012.07.10"]
[Round "6.11"]
[White "Radovic, Luka"]
[Black "Ivic, Matija"]
[Result "1-0"]
[WhiteElo "1982"]
[BlackElo "1884"]
[PlyCount "49"]
[EventDate "2012.07.06"]

1. Nf3 g6 2. g3 Bg7 3. Bg2 c5 4. c4 Nf6 5. O-O O-O 6. Nc3 Nc6 7. d3 d5 8. cxd5
Nxd5 9. Bd2 e5 10. Nxd5 Qxd5 11. Bc3 Qd7 12. Rc1 Re8 13. Nd2 b6 14. Nc4 Bb7 15.
a4 Nd4 16. Bxb7 Qxb7 17. Nd6 Qd7 18. Nxe8 Rxe8 19. Kg2 Qd5+ 20. e4 Qb7 21. Bxd4
exd4 22. Qb3 Qa6 23. Qb5 Qc8 24. a5 Qb8 25. axb6 1-0

[Event "International Championship of Central Se"]
[Site "Paracin, hotel "]
[Date "2012.07.10"]
[Round "6.12"]
[White "Radovanovic, Danko"]
[Black "Stefanov, Evtim"]
[Result "0-1"]
[WhiteElo "1895"]
[BlackElo "1969"]
[PlyCount "74"]
[EventDate "2012.07.06"]

1. c4 e5 2. Nc3 Nf6 3. Nf3 Nc6 4. g3 d5 5. cxd5 Nxd5 6. Bg2 Nb6 7. O-O Be6 8.
d3 Be7 9. Be3 O-O 10. Rc1 f6 11. d4 Nd5 12. Nxd5 Bxd5 13. dxe5 fxe5 14. b3 Be4
15. Bc5 Bxc5 16. Rxc5 Qe7 17. Qc1 Rae8 18. Qc4+ Kh8 19. Rb5 a6 20. Rc5 Bg6 21.
e3 Bh5 22. Nd4 Qf7 23. Qc1 exd4 24. e4 Bg6 25. f3 d3 26. Kh1 Rd8 27. Rd1 d2 28.
Qc3 Rd6 29. b4 Rfd8 30. h4 Rd3 31. Qb2 Nd4 32. h5 Bxh5 33. Rxd2 Rxd2 34. Qxd2
Nb3 35. Qg5 Qf6 36. Qg6 Qg5 37. Qf7 Rd6 0-1

[Event "International Championship of Central Se"]
[Site "Paracin, hotel "]
[Date "2012.07.10"]
[Round "6.13"]
[White "Dragojevic, Dragan"]
[Black "Janzelj, Lara"]
[Result "1-0"]
[WhiteElo "1968"]
[BlackElo "1745"]
[PlyCount "67"]
[EventDate "2012.07.06"]

1. e4 d5 2. exd5 Qxd5 3. Nf3 Nf6 4. d4 Bg4 5. Be2 e6 6. O-O Be7 7. c4 Qd8 8.
Qb3 b6 9. Nc3 O-O 10. Bf4 Nbd7 11. Rad1 Bd6 12. Bg5 h6 13. Be3 Qe7 14. Rfe1 a5
15. a3 Rab8 16. Qc2 e5 17. Nh4 Bxe2 18. Nf5 Qe8 19. Rxe2 Nh7 20. Ne4 Be7 21.
Neg3 f6 22. f4 Rf7 23. Qe4 Bf8 24. fxe5 fxe5 25. Qg4 Kh8 26. Bf4 Ndf6 27. Qg6
e4 28. Be5 Qd7 29. Rf1 Bd6 30. Nxe4 Bxe5 31. dxe5 Nxe4 32. e6 Qc6 33. Qxf7 Rg8
34. Qxg8+ 1-0

[Event "International Championship of Central Se"]
[Site "Paracin, hotel "]
[Date "2012.07.10"]
[Round "6.14"]
[White "Rajic, Milovan"]
[Black "Djordjevic, Danilo"]
[Result "0-1"]
[WhiteElo "1865"]
[BlackElo "1967"]
[PlyCount "57"]
[EventDate "2012.07.06"]

1. d4 d5 2. c4 c6 3. b3 Nf6 4. Nf3 Bf5 5. a3 e6 6. Bb2 Bd6 7. e3 O-O 8. Nbd2
Nbd7 9. Be2 Qb8 10. h3 e5 11. dxe5 Nxe5 12. Nxe5 Bxe5 13. Bxe5 Qxe5 14. O-O
Rad8 15. Qc1 d4 16. Nf3 Qe7 17. Rd1 dxe3 18. fxe3 Rxd1+ 19. Bxd1 Rd8 20. Kf2
Ne4+ 21. Ke2 Rc8 22. Rb1 Nc5 23. Ne1 Kf8 24. b4 Nd3 25. Rb3 Nxe1 26. Kxe1 Rd8
27. Rc3 Rd3 28. Rxd3 Bxd3 29. c5 0-1

[Event "International Championship of Central Se"]
[Site "Paracin, hotel "]
[Date "2012.07.10"]
[Round "6.16"]
[White "Nikolic, Milan"]
[Black "Kastelijn, Toine"]
[Result "0-1"]
[WhiteElo "1857"]
[BlackElo "1946"]
[PlyCount "64"]
[EventDate "2012.07.06"]

1. Nf3 Nf6 2. c4 e6 3. Nc3 d5 4. cxd5 exd5 5. d4 c6 6. Bg5 Be7 7. g3 Bf5 8. Qb3
Qb6 9. Qxb6 axb6 10. a3 b5 11. Rc1 Nbd7 12. Bg2 Nb6 13. Nd2 h6 14. Bxf6 Bxf6
15. e3 Bd3 16. Ne2 Na4 17. b4 O-O 18. Nf4 Bc4 19. Nxc4 bxc4 20. O-O Nb6 21. Ra1
Ra7 22. Rfb1 Na4 23. b5 Nc3 24. Rb4 Be7 25. Rb2 Rxa3 26. Rc1 Rfa8 27. bxc6 bxc6
28. Rb6 g5 29. Rc2 gxf4 30. Rxc6 Ra1+ 31. Bf1 f3 32. Rxc3 Rxf1+ 0-1

[Event "International Championship of Central Se"]
[Site "Paracin, hotel "]
[Date "2012.07.10"]
[Round "6.17"]
[White "Jakovljevic, Dejan"]
[Black "Jaklin, Damir"]
[Result "1-0"]
[WhiteElo "1838"]
[BlackElo "1937"]
[PlyCount "45"]
[EventDate "2012.07.06"]

1. e4 c5 2. c3 d5 3. exd5 Qxd5 4. d4 cxd4 5. cxd4 Nc6 6. Nf3 e5 7. Nc3 Bb4 8.
Bd2 Bxc3 9. Bxc3 e4 10. Ne5 Nxe5 11. dxe5 Ne7 12. Qe2 O-O 13. Rd1 Qxa2 14. Bb4
Be6 15. Qxe4 Rfe8 16. Bb5 Nc6 17. O-O Bd7 18. Rfe1 Rad8 19. Bd6 Nxe5 20. Bc7
Bc6 21. Rxd8 Rxd8 22. Bxc6 Rc8 23. Bd5 1-0

[Event "International Championship of Central Se"]
[Site "Paracin, hotel "]
[Date "2012.07.10"]
[Round "6.19"]
[White "Ljuboja, Ognjen"]
[Black "Kosir, Franci"]
[Result "1/2-1/2"]
[WhiteElo "1830"]
[BlackElo "1925"]
[PlyCount "78"]
[EventDate "2012.07.06"]

1. e4 c5 2. Nf3 d6 3. d4 cxd4 4. Nxd4 Nf6 5. Nc3 g6 6. Be3 Bg7 7. f3 O-O 8. Qd2
Nc6 9. Bc4 Bd7 10. Bb3 Nxd4 11. Bxd4 b5 12. Nd5 Nxd5 13. Bxg7 Kxg7 14. Bxd5 Rc8
15. h4 Qc7 16. c3 h6 17. g4 Qc5 18. h5 g5 19. Bb3 a5 20. a3 Qe5 21. O-O-O b4
22. axb4 axb4 23. c4 Be6 24. Qd4 Qxd4 25. Rxd4 Rc5 26. Kd2 Ra8 27. Rc1 Raa5 28.
Ke3 f6 29. Bd1 Ra2 30. b3 Kf7 31. Be2 Ke8 32. Rcd1 Ra3 33. R4d3 Ra2 34. Rb1 Kd7
35. Rd2 Ra3 36. Rc2 Kc7 37. Kd2 Kb6 38. Bd1 Rca5 39. Rbb2 Kc5 1/2-1/2

[Event "International Championship of Central Se"]
[Site "Paracin, hotel "]
[Date "2012.07.10"]
[Round "6.20"]
[White "Majcen, Zoran"]
[Black "Glisic, Tomislav"]
[Result "1-0"]
[WhiteElo "1809"]
[BlackElo "2075"]
[PlyCount "129"]
[EventDate "2012.07.06"]

1. d4 Nf6 2. Nf3 g6 3. Bf4 Bg7 4. e3 O-O 5. Nbd2 c5 6. c3 Nc6 7. Bd3 d6 8. h3
e5 9. Bh2 Re8 10. dxe5 dxe5 11. Qc2 a6 12. Ne4 b5 13. Nxf6+ Bxf6 14. Rd1 Qb6
15. Be4 Bb7 16. O-O Bg7 17. Bd5 h6 18. Qb3 Qc7 19. c4 Na5 20. Qc2 Nxc4 21. Bxb7
Qxb7 22. b3 e4 23. bxc4 exf3 24. gxf3 Qxf3 25. cxb5 Be5 26. Qxc5 Bxh2+ 27. Kxh2
axb5 28. Qxb5 Reb8 29. Qe5 Re8 30. Qb5 Re6 31. Qb2 Rea6 32. Rd2 Rxa2 33. Qxa2
Rxa2 34. Rxa2 g5 35. Rg1 Kg7 36. Rd2 Kg6 37. Rg3 Qe4 38. Rg4 Qe5+ 39. Kg2 f5
40. Rgd4 Kh5 41. R2d3 Qe6 42. Rd6 Qe4+ 43. f3 Qe5 44. Rb6 g4 45. hxg4+ fxg4 46.
fxg4+ Kxg4 47. Rb4+ Kh5 48. Rbd4 Qg5+ 49. Kf3 Qf6+ 50. Rf4 Qc6+ 51. e4 Kg5 52.
Rd5+ Kg6 53. Rg4+ Kh7 54. Rd3 Qc7 55. Re3 Qf7+ 56. Kg2 Qa2+ 57. Kg1 Qb1+ 58.
Kh2 h5 59. Rg1 Qb8+ 60. Kh3 Qf4 61. Rgg3 Kh6 62. Rgf3 Qg4+ 63. Kh2 h4 64. e5
Qe6 65. Rf6+ 1-0

[Event "International Championship of Central Se"]
[Site "Paracin, hotel "]
[Date "2012.07.10"]
[Round "6.21"]
[White "Radzhabov, Rodion"]
[Black "Djuretanovic, Ivan"]
[Result "1/2-1/2"]
[WhiteElo "1867"]
[BlackElo "2051"]
[PlyCount "126"]
[EventDate "2012.07.06"]

1. e4 e5 2. Nf3 Nc6 3. Nc3 d6 4. Be2 Be7 5. O-O Nf6 6. d4 O-O 7. h3 exd4 8.
Nxd4 h6 9. Be3 Nxd4 10. Bxd4 c6 11. Qd2 b5 12. Bf3 Nd7 13. Rad1 Ne5 14. Qe2 Qc7
15. Bxe5 dxe5 16. Bg4 Bxg4 17. Qxg4 Rad8 18. Ne2 Bc5 19. Ng3 g6 20. h4 Qc8 21.
Qf3 Qe6 22. a3 h5 23. Ne2 Be7 24. g3 Qh3 25. Qg2 Qg4 26. f3 Bc5+ 27. Kh1 Qe6
28. Nc1 a5 29. Nd3 Bb6 30. f4 exf4 31. Nxf4 Qg4 32. Rd3 Bc7 33. Rdf3 Rd4 34.
Nh3 Rxe4 35. Ng5 Re7 36. Qf2 Qc4 37. Rf6 Qd5+ 38. Kh2 Qe5 39. Rxg6+ Kh8 40.
Qf6+ Qxf6 41. Rgxf6 Re2+ 42. R1f2 Rxf2+ 43. Rxf2 Kg7 44. Rf5 Bd6 45. Ne4 Rd8
46. Rxh5 f6 47. Nxd6 Rxd6 48. Rc5 Kf7 49. Kg2 Ke6 50. Kf3 Ke7 51. h5 Rd2 52.
Rc3 Rh2 53. Kg4 Kd6 54. b4 a4 55. Kf5 Rxh5+ 56. Kxf6 c5 57. bxc5+ Rxc5 58. Rd3+
Kc6 59. g4 Rxc2 60. g5 Rg2 61. Rf3 b4 62. axb4 Kb5 63. g6 Kxb4 1/2-1/2

[Event "International Championship of Central Se"]
[Site "Paracin, hotel "]
[Date "2012.07.10"]
[Round "6.22"]
[White "Brankovan, Mario"]
[Black "Lazic, Milan B"]
[Result "1/2-1/2"]
[WhiteElo "1854"]
[BlackElo "2042"]
[PlyCount "40"]
[EventDate "2012.07.06"]

1. d4 Nf6 2. Nf3 g6 3. c4 c5 4. e3 Bg7 5. Bd3 O-O 6. Bd2 cxd4 7. Nxd4 Nc6 8.
Bc3 Ne5 9. Be2 d5 10. c5 Qc7 11. Nb5 Qb8 12. Nd2 Bd7 13. Nd4 Nc6 14. O-O e5 15.
Nxc6 Bxc6 16. Kh1 Kh8 17. Kg1 Kg8 18. Kh1 Kh8 19. Kg1 Kg8 20. b4 a6 1/2-1/2

[Event "International Championship of Central Se"]
[Site "Paracin, hotel "]
[Date "2012.07.10"]
[Round "6.23"]
[White "Zivanovic, Blagoje"]
[Black "Antic, Nenad"]
[Result "0-1"]
[WhiteElo "1767"]
[BlackElo "2031"]
[PlyCount "46"]
[EventDate "2012.07.06"]

1. e4 e5 2. Bc4 Nc6 3. Nf3 Bc5 4. b4 Bxb4 5. c3 Ba5 6. d4 exd4 7. O-O Nf6 8. e5
d5 9. exf6 dxc4 10. fxg7 Rg8 11. cxd4 Bg4 12. d5 Ne7 13. Qa4+ c6 14. Ne5 Rxg7
15. Bh6 Rg8 16. dxc6 Nxc6 17. Nxc6 bxc6 18. Qxc6+ Bd7 19. Qxc4 Rg6 20. Bf4 Rc8
21. Qd5 Qf6 22. Be5 Bc6 23. Rc1 Qg5 0-1

[Event "International Championship of Central S"]
[Site "Paracin, hotel "]
[Date "2012.07.10"]
[Round "6.25"]
[White "Stojkovic, Zoran"]
[Black "Korbovljanovic, Natasa"]
[Result "0-1"]
[WhiteElo "2019"]
[BlackElo "1844"]
[PlyCount "62"]
[EventDate "2012.07.06"]

1. e4 e5 2. d4 exd4 3. Nf3 Bb4+ 4. c3 dxc3 5. bxc3 Bc5 6. Bc4 Qe7 7. O-O d6 8.
Bg5 Nf6 9. Re1 O-O 10. Nbd2 Nc6 11. Nb3 Bb6 12. a4 a6 13. Nfd4 Ne5 14. Nf5 Qd8
15. Bd3 Bxf2+ 16. Kxf2 Nfg4+ 17. Kg3 Qxg5 18. h4 Qf6 19. Rf1 Nh6 20. Ra2 Qe6
21. Be2 Qg6+ 22. Kh2 Bxf5 23. exf5 Nxf5 24. Qe1 Ne3 25. Rg1 Rfe8 26. Qd2 Qe4
27. Qd4 N3g4+ 28. Kh1 Qxd4 29. cxd4 Nf2+ 30. Kh2 Neg4+ 31. Kg3 Re3+ 0-1

[Event "International Championship of Central Se"]
[Site "Paracin, hotel "]
[Date "2012.07.10"]
[Round "6.25"]
[White "Matsenko, Elena"]
[Black "Pavlovic, Slobodan Z"]
[Result "1-0"]
[WhiteElo "1996"]
[BlackElo "1805"]
[PlyCount "94"]
[EventDate "2012.07.06"]

1. e4 e6 2. d4 Be7 3. Bd3 Nc6 4. c3 d6 5. Ne2 Nf6 6. O-O Bd7 7. Ng3 h5 8. h3 h4
9. Ne2 Nh5 10. Nf4 Nxf4 11. Bxf4 e5 12. Be3 Bf6 13. d5 Ne7 14. f4 c6 15. dxc6
Bxc6 16. Nd2 Qc7 17. Qe2 O-O-O 18. f5 d5 19. a4 d4 20. cxd4 exd4 21. Bf4 Be5
22. Bxe5 Qxe5 23. b4 g5 24. b5 g4 25. bxc6 gxh3 26. Bc4 h2+ 27. Kh1 Qc7 28.
cxb7+ Kb8 29. Qf2 Kxb7 30. Qf4 Qc5 31. Rab1+ Ka8 32. Rb5 Qc6 33. Rc1 h3 34. g3
Rc8 35. Kxh2 Qa6 36. Rd5 Qc6 37. Rb1 Rb8 38. Rbb5 Rxb5 39. Rxb5 Rd8 40. Qe5 Re8
41. Qxd4 Qh6 42. Qd7 Qc6 43. Qxc6+ Nxc6 44. e5 a6 45. Rb6 Nxe5 46. Bd5+ Ka7 47.
Rb7+ Ka8 1-0

[Event "International Championship of Central Se"]
[Site "Paracin, hotel "]
[Date "2012.07.10"]
[Round "6.26"]
[White "Hrescak, Ivana"]
[Black "Nikolic, Vladimir"]
[Result "1/2-1/2"]
[WhiteElo "1686"]
[BlackElo "1987"]
[PlyCount "120"]
[EventDate "2012.07.06"]

1. d4 Nf6 2. c4 d5 3. Nc3 e6 4. Bg5 c6 5. e3 Qa5 6. Bxf6 gxf6 7. cxd5 Bb4 8.
Qb3 cxd5 9. Nf3 Bd7 10. a3 Na6 11. Rc1 Bxc3+ 12. Qxc3 Qb6 13. b4 O-O 14. Bd3
Rac8 15. Qd2 Rxc1+ 16. Qxc1 Bb5 17. Bb1 Qc7 18. Qxc7 Nxc7 19. Kd2 Ne8 20. Bd3
Bxd3 21. Kxd3 Nd6 22. a4 Nc4 23. Kc3 Rc8 24. Kb3 b6 25. Rd1 a5 26. Nd2 Nd6 27.
Rb1 f5 28. Rb2 Kf8 29. Rc2 Rxc2 30. Kxc2 axb4 31. Kb3 Ke7 32. Kxb4 Kd7 33. a5
bxa5+ 34. Kxa5 f6 35. Kb4 Kc6 36. f3 Kb6 37. g4 h6 38. Kc3 fxg4 39. fxg4 Kc6
40. Kd3 Kd7 41. e4 dxe4+ 42. Nxe4 Ne8 43. Ke3 Ke7 44. Kf4 Kf7 45. h4 Nc7 46.
Nc3 Ne8 47. Ne4 Ng7 48. Ng3 Ne8 49. Ne4 Nc7 50. Nc3 Ke7 51. g5 fxg5+ 52. hxg5
h5 53. Kg3 Kf7 54. Kh4 Kg6 55. Ne4 Nd5 56. Nc5 Nf4 57. Ne4 Ng2+ 58. Kh3 Nf4+
59. Kh4 Ng2+ 60. Kh3 Ne3 1/2-1/2

[Event "International Championship of Central Se"]
[Site "Paracin, hotel "]
[Date "2012.07.10"]
[Round "6.27"]
[White "Miloradovic, Stanisav"]
[Black "Arsic, Djordje"]
[Result "0-1"]
[WhiteElo "1666"]
[BlackElo "1949"]
[PlyCount "86"]
[EventDate "2012.07.06"]

1. d4 Nf6 2. Nf3 e6 3. Bg5 h6 4. Bh4 b6 5. e4 g5 6. Bg3 Nxe4 7. Bd3 Bb7 8. Qe2
Nxg3 9. hxg3 Bg7 10. Nbd2 d6 11. c3 Qe7 12. O-O-O Nd7 13. Ba6 O-O-O 14. Bxb7+
Kxb7 15. Rde1 Rde8 16. d5 Qd8 17. Qc4 Ne5 18. Nxe5 dxe5 19. Qc6+ Kb8 20. c4
exd5 21. cxd5 f5 22. Nc4 Qf6 23. d6 cxd6 24. Qxd6+ Qxd6 25. Nxd6 Ref8 26. Kb1
Rf6 27. Nc4 e4 28. Rd1 Rc8 29. b3 Bf8 30. Rd7 Rfc6 31. Rhd1 b5 32. Ne5 Rc3 33.
Rd8 Ba3 34. Rxc8+ Kxc8 35. f3 e3 36. Re1 e2 37. Nd3 Rxd3 38. Rxe2 Rc3 39. Re1
Kd7 40. Rd1+ Kc6 41. f4 g4 42. Rg1 Kd5 43. Re1 Kd4 0-1

[Event "International Championship of Central Se"]
[Site "Paracin, hotel "]
[Date "2012.07.10"]
[Round "6.28"]
[White "Stojanovic, Vladimir M"]
[Black "Barbul, Ionel"]
[Result "1/2-1/2"]
[WhiteElo "1949"]
[BlackElo "1778"]
[Annotator "Milojevic,Boban"]
[PlyCount "79"]
[EventDate "2012.07.06"]

1. d4 c5 2. d5 e5 3. c4 d6 4. Nc3 g6 5. e4 Ne7 6. Be3 Bg7 7. Qd2 Nd7 8. Bh6 O-O
9. Bxg7 Kxg7 10. Bd3 a6 11. f3 Nf6 12. g4 Bd7 13. Nge2 h6 14. h3 Nh7 15. f4 f6
16. Nc1 Rb8 17. a4 a5 18. Ra3 Qe8 19. Bc2 b6 20. Nb5 Bxb5 21. axb5 Qf7 22. Ne2
g5 23. f5 Rh8 24. Ng3 Kf8 25. Bd1 Kg8 26. Nf1 Kf8 27. Nh2 Kg8 28. Rg3 Kf8 29.
Nf3 Rb7 30. h4 Ng8 31. hxg5 hxg5 32. Rhh3 Qg7 33. Qh2 Rc7 34. Rh5 Rb7 35. Nd2
Qf7 36. Nb1 Qg7 37. Nc3 Qf7 38. Na4 Qc7 39. Qd2 Qd8 40. Rgh3 {unreadable}
1/2-1/2

[Event "International Championship of Central Se"]
[Site "Paracin, hotel "]
[Date "2012.07.10"]
[Round "6.30"]
[White "Nadvesnik, Vilma"]
[Black "Miskovic, Lazar"]
[Result "1-0"]
[WhiteElo "1906"]
[BlackElo "1629"]
[PlyCount "39"]
[EventDate "2012.07.06"]

1. e4 e5 2. Nf3 Nc6 3. Bb5 a6 4. Ba4 Nf6 5. O-O d6 6. Bxc6+ bxc6 7. d4 exd4 8.
Qxd4 Bb7 9. Nc3 Be7 10. e5 c5 11. Qf4 Nd5 12. Nxd5 Bxd5 13. Rd1 Be6 14. Qg3 Rg8
15. exd6 cxd6 16. Bf4 d5 17. c3 h5 18. Ng5 Bg4 19. Re1 Kd7 20. Nxf7 1-0